| 000 | 00485nam a2200157Ia 4500 | ||
|---|---|---|---|
| 008 | 220217s9999 xx 000 0 und d | ||
| 100 | _aNeethuDas, P | ||
| 245 | 0 | _aEffect of carbon black loading on the properteis of natural rubber | |
| 260 |
_bCalicut University _a Malappuram _c2016 |
||
| 300 | _a61 | ||
| 500 | _aCopy not available. Details from RT Dvn | ||
| 500 | _aCourse: MSc Chem | ||
| 700 | _aKN Madhusoodanan | ||
| 850 | _aRubber Research Institute of India | ||
| 942 | _cTS | ||
| 999 |
_c74485 _d74485 |
||